000 00547nam a22002057a 4500
003 OSt
005 20140310181922.0
008 130718t xxu||||| |||| 00| 0 eng d
020 _a9780521538022
050 _aQA 93
_b.In61b8c 2010
082 _aTR 510
_bSm7t 2010
245 _aSMP interact :
_bTeacher's guide to book 8C /
260 _aGreat Britain :
_bCambridge,
_cc2010.
300 _a120 p. :
_bill. ;
_c25 cm.
521 _aFaculty
541 _j1
562 _e1
650 _aMathematics.
_9210
942 _2lcc
_cBK-TR
_kTR
999 _c7017
_d7017